00297nam a2200109Ia 4500008004100000100004400041245003700085260002500122650001500147942000800162999001700170190216s9999||||xx |||||||||||||| ||und|| a"Gulshan Rairaizada, Tuli Rk, Batra Jk" 0aNew Light Medical Entrance Guide bNew Light Publishers aReferences cREF c35608d35608